Neuere Entwicklungen in der Wirtschaftsethik und Wirtschaftsphilosophie

Gespeichert in:
Bibliographische Detailangaben
Weitere Verfasser: Koslowski, Peter
Format: Buch
Sprache:Deutsch
Veröffentlicht: Berlin Springer 1992
Ausgabe:1. Aufl.
Schlagworte:
Tags: Tag hinzufügen
Keine Tags, Fügen Sie das erste Tag hinzu!

MARC

LEADER 00000nam a2200000 4500
001 c001955
005 20221221080317.5
020 |a 3-540-55368-1 
041 0 |a ger 
044 |a DE 
245 1 0 |a Neuere Entwicklungen in der Wirtschaftsethik und Wirtschaftsphilosophie  |c Red. Peter Koslowski 
250 |a 1. Aufl. 
264 1 |a Berlin  |b Springer  |c 1992 
300 |a 286 s. 
610 2 0 |a etika 
610 2 0 |a teórie ekonomické 
610 2 0 |a záujmy ekonomické 
610 2 0 |a podnik štátny 
610 2 0 |a bankovníctvo 
610 2 0 |a rozvoj sociálny 
610 2 0 |a náboženstvo 
610 2 0 |a migrácia 
610 2 0 |a štát 
610 2 0 |a práva pracovníkov 
610 2 0 |a povinnosti pracovníkov 
700 1 |a Koslowski, Peter